| 000 | 00967nam a2200301 i 4500 | ||
|---|---|---|---|
| 003 | EG-GICUC | ||
| 005 | 20260202094054.0 | ||
| 008 | 260202s1969 le ||||fr|||| 000 0 eng d | ||
| 040 |
_aEG-GiCUC _beng _cEG-GiCUC _dEG-GiCUC _eRda |
||
| 082 | 0 | 4 |
_221 _a341.28 _bSA . P |
| 092 | 0 | 4 | _221 |
| 099 | _aLaw1 11 341.28 SA . P 1969 | ||
| 100 | 0 |
_aSami Hadawi _eAuthor. |
|
| 245 | 1 | 0 |
_aPalestine in Focus / _cSami Hadawi ; Yusif a. Sayigh. |
| 250 | _a4 Edition | ||
| 264 | 1 |
_aBeirut : _bPalestine Liberation Organization Research Center, _c1969. |
|
| 300 |
_a122page : _billustration ; _c 24 cm. |
||
| 336 |
_2rda contenu _a texte |
||
| 337 |
_2rda medias _aOrdinateur |
||
| 338 |
_2 transporteur rda _a Ressource en ligne |
||
| 546 | _aText in English | ||
| 650 | 1 | 4 |
_aPublic international law _2 |
| 651 | 1 | _2 | |
| 700 | 0 |
_aYusif a. Sayigh _eeditor. |
|
| 856 | 4 | 0 | _uhttps://fll.law.cu.edu.eg/fulltext/bks/B11-06577.pdf |
| 905 | _a50 | ||
| 942 |
_2ddc _cBK _e21 _n0 |
||
| 999 |
_c60209 _d60209 |
||